[Event "SPICE Cup B"]
[Site "Lubbuck USA"]
[Date "2009.09.24"]
[Round "6"]
[White "Bhat,V"]
[Black "Diamant,A"]
[Result "1/2-1/2"]
[WhiteElo "2473"]
[BlackElo "2520"]

1.d4 d5 2.c4 dxc4 3.e4 Nf6 4.e5 Nd5 5.Bxc4 Nb6 6.Bb3 Nc6 7.Be3 Bf5 8.Ne2 Qd7
9.a3 e6 10.Nbc3 O-O-O 11.O-O h5 12.Qc1 Kb8 13.Rd1 h4 14.d5 Nxd5 15.Ba4 Be7
16.Nf4 h3 17.Ncxd5 exd5 18.Rxd5 Qe8 19.Rb5 g5 20.Qc4 gxf4 21.Rxb7+ Kxb7 22.Qb5+ Ka8
23.Qa6 fxe3 24.Bxc6+ Qxc6 25.Qxc6+ Kb8 26.Rc1 Rd7 27.Qb5+ Kc8 28.Qc6  1/2-1/2

[Event "74th ch-ESP Absoluto"]
[Site "Palma de Mallorca ESP"]
[Date "2009.09.27"]
[Round "2"]
[White "Aloma Vidal,R"]
[Black "Vega Gutierrez,B"]
[Result "1/2-1/2"]
[WhiteElo "2462"]
[BlackElo "2218"]

1.d4 d5 2.c4 dxc4 3.e4 Nc6 4.Nf3 Bg4 5.d5 Ne5 6.Bf4 Ng6 7.Be3 Nf6 8.Bxc4 Nxe4
9.Qd4 Nf6 10.Nc3 a6 11.O-O-O b5 12.Bb3 e6 13.dxe6 Bxe6 14.Bxe6 fxe6 15.Qxd8+ Rxd8
16.Rxd8+ Kxd8 17.Ng5 Kd7 18.Nf7 Rg8 19.Rd1+ Ke8 20.Ng5 e5 21.Ne6 Bd6 22.Bb6 Ke7
23.Bxc7 Bxc7 24.Nxc7 Rc8 25.Nxa6 Ne4 26.Rd5 Nxc3 27.bxc3 Rxc3+ 28.Kb2 Rc6
29.Nb4 Rb6 30.Kb3 Ke6 31.g3 Ne7 32.Rc5 Kd6 33.Rc3 Nf5 34.Rc8 Kd7 35.Rg8 Ke6
36.Re8+ Kd6 37.Nc2 Rb7 38.Kb4 Rc7 39.Na3 Nd4 40.Nxb5+ Nxb5 41.Kxb5 Rb7+ 42.Kc4 Rb2
43.Rf8 Rxa2 44.Rf7 h5 45.h4 Ke6 46.Rxg7 Rxf2 47.Rg6+ Rf6 48.Rg8 Rf3 49.Rg7 Kf5
50.Rg5+ Ke4 51.Rxh5 Rxg3 52.Rg5 Rh3 53.Rh5 Rh1 54.Kc3 Kf4 55.Kd3 e4+ 56.Ke2 Kg4  1/2-1/2

[Event "18th TCh-CRO"]
[Site "Sibenik CRO"]
[Date "2009.09.28"]
[Round "8"]
[White "Doric,D"]
[Black "Bukal,V jr"]
[Result "1/2-1/2"]
[WhiteElo "2456"]
[BlackElo "2394"]

1.d4 d5 2.c4 dxc4 3.e4 Nc6 4.Nf3 Bg4 5.d5 Ne5 6.Bf4 Ng6 7.Be3 Nf6 8.Nc3 e5
9.Bxc4 a6 10.Be2 Bd7 11.Nd2 b5 12.O-O Bd6 13.a3 O-O 14.Nb3 Nf4 15.Bf3 h5
16.Re1 Re8 17.Nc5 Bc8 18.b4 Rb8 19.a4 bxa4 20.Rxa4 Ng4 21.Na2 Qh4 22.h3 Nxh3+
23.gxh3 Qxh3 24.Bg2 Qh2+ 25.Kf1 h4 26.Ra5 Bxc5 27.Rxc5 Rb6 28.Bf3 Nxe3+ 29.Rxe3 Bd7
30.Ke2  1/2-1/2

[Event "74th ch-ESP Absoluto"]
[Site "Palma de Mallorca ESP"]
[Date "2009.10.02"]
[Round "7"]
[White "Narciso Dublan,M"]
[Black "Barcelo Pujadas,P"]
[Result "1-0"]
[WhiteElo "2533"]
[BlackElo "2249"]

1.d4 d5 2.c4 dxc4 3.e4 Nc6 4.Be3 Nf6 5.f3 e5 6.d5 Nd4 7.Bxd4 exd4 8.Qxd4 Bb4+
9.Nc3 O-O 10.O-O-O Bxc3 11.Qxc3 b5 12.Ne2 Bb7 13.g4 Re8 14.Nd4 Qd6 15.Nxb5 Qf4+
16.Qd2 Qxf3 17.Bg2 Qxg4 18.Nxc7 Rec8 19.Nxa8 c3 20.bxc3 Nxe4 21.Bxe4 Qxe4
22.Qd4 Qe2 23.Rhg1 g6 24.Rd2 Qa6 25.Re1 Bxa8 26.Rde2 Qb5 27.a4  1-0

[Event "Unive Open"]
[Site "Hoogeveen NED"]
[Date "2009.10.22"]
[Round "7"]
[White "Hovenga,A"]
[Black "Hendriks,Ric"]
[Result "1/2-1/2"]
[WhiteElo "2206"]
[BlackElo "2117"]

1.d4 d5 2.c4 dxc4 3.e4 e5 4.Nf3 exd4 5.Bxc4 Nc6 6.O-O Be6 7.Bb5 Bc5 8.b4 Bb6
9.a4 a5 10.bxa5 Rxa5 11.Nbd2 Ra8 12.Qc2 Ne7 13.Ng5 O-O 14.Nxe6 fxe6 15.Ra3 Ne5
16.Qa2 Qd6 17.Rh3 N7g6 18.Nc4 Nxc4 19.Bxc4 Rae8 20.Qe2 Qc5 21.Ba3 Nf4 22.Bxc5 Nxe2+
23.Bxe2 Bxc5 24.Rb3 b6 25.Bc4 Kf7 26.g3 Ke7 27.Kg2 Ra8 28.Ra1 c6 29.Rbb1 e5
30.Ra2 Ra5 31.Bb3 Kd6 32.Rc2 h6 33.h4 Rb8 34.Rbc1 Rc8 35.f4 Re8 36.f5 Rc8
37.g4 Ba3 38.Ra1 Bb4 39.Rb1 Bc3 40.g5 hxg5 41.hxg5 b5 42.f6 bxa4 43.Bc4 gxf6
44.gxf6 Rf8 45.f7 Kc5 46.Ba2 Rb5 47.Rg1 Rb2 48.Rxb2 Bxb2 49.Kf3 Ba3 50.Rg6 Bb4
51.Ke2 Kb6 52.Rg8 Bd6 53.Kd3 Kc7 54.Rg6 a3 55.Rg8 Kd7 56.Bc4 Be7 57.Kc2 Rd8
58.Be6+ Kxe6 59.Rxd8 Kxf7 60.Ra8 Bb4 61.Kd3 Ke6 62.Kc4 c5 63.Ra6+ Kf7 64.Rh6  1/2-1/2

[Event "Unive Open"]
[Site "Hoogeveen NED"]
[Date "2009.10.23"]
[Round "8"]
[White "Riemersma,L"]
[Black "Vedder,H"]
[Result "1-0"]
[WhiteElo "2431"]
[BlackElo "2364"]

1.d4 d5 2.c4 dxc4 3.e4 e5 4.Nf3 exd4 5.Bxc4 Nc6 6.O-O Be6 7.Bxe6 fxe6 8.Qb3 Qd7
9.Qxb7 Rb8 10.Qa6 Nf6 11.Nbd2 Be7 12.a3 O-O 13.b4 Rb6 14.Qd3 Ng4 15.Bb2 Bf6
16.Nc4 Rb5 17.Rac1 a5 18.a4 Nxb4 19.Qd1 Rbb8 20.h3 Nh6 21.Bxd4 Bxd4 22.Qxd4 Qxa4
23.Nce5 Rbc8 24.Nc6 Rfe8 25.Rc5 Qa2 26.Nxa5 Na6 27.Rg5 g6 28.Nc6 Nf7 29.Ra5 Qe2
30.Re1  1-0

[Event "17th TCh-Eur"]
[Site "Novi Sad SRB"]
[Date "2009.10.23"]
[Round "2"]
[White "Avrukh,B"]
[Black "Borisek,J"]
[Result "1-0"]
[WhiteElo "2668"]
[BlackElo "2575"]

1.d4 d5 2.c4 dxc4 3.e4 e5 4.Nf3 exd4 5.Bxc4 Bb4+ 6.Bd2 Bxd2+ 7.Nbxd2 Qf6
8.Nb3 Nc6 9.Nfxd4 Nge7 10.Nb5 Qe5 11.O-O O-O 12.Qe2 Ng6 13.Qe3 Be6 14.Bxe6 Qxb5
15.Bg4 Qb6 16.Qc3 Rfe8 17.Nc5 Nce5 18.Bd1 Rad8 19.g3 Nc6 20.Ba4 Nd4 21.Kg2 c6
22.Rad1 Ne6 23.Rxd8 Rxd8 24.Nxe6 fxe6 25.Bb3 Nf8 26.Qe5 Kh8 27.Rd1 Rxd1 28.Bxd1 c5
29.Ba4 Kg8 30.h4 Ng6 31.Qb8+ Nf8 32.Qe5 Ng6 33.Qb8+ Nf8 34.Bd7 Qa6 35.b3 c4
36.Be8 cxb3 37.Qc7 Qa3 38.axb3 Qb4 39.Kh2 Kh8 40.Qf7 h6 41.h5 a5 42.Qf4 Nh7
43.Bf7 Qf8 44.Bxe6 Qxf4 45.gxf4 Nf6 46.e5 Nxh5 47.f5 b5 48.Bf7 g6 49.Bxg6 Nf4
50.e6 Nd5 51.f6 Nxf6 52.e7 a4 53.bxa4 bxa4 54.e8=Q+ Nxe8 55.Bxe8 a3 56.Bf7 Kg7
57.Ba2 Kf6 58.Kg3 Kf5 59.Bb1+ Kg5 60.f3 Kf6 61.Kf4 Ke6 62.Ba2+ Kf6 63.Bb3 Kg6
64.Ke5 h5 65.Kf4 Kf6 66.Bc4 Kg6 67.Ba2  1-0

[Event "8th TCh-Eur w"]
[Site "Novi Sad SRB"]
[Date "2009.10.24"]
[Round "3"]
[White "Soylemez,C"]
[Black "Krivec,J"]
[Result "0-1"]
[WhiteElo "1907"]
[BlackElo "2329"]

1.d4 d5 2.c4 dxc4 3.e4 Nc6 4.d5 Ne5 5.Bf4 Ng6 6.Bg3 e5 7.Bxc4 a6 8.Ne2 Bd6
9.O-O Nf6 10.Nd2 h5 11.h3 h4 12.Bh2 Nh5 13.Nf3 Qf6 14.Qd3 Nf8 15.Qe3 Nh7
16.Kh1 g5 17.Nfg1 Nf4 18.Qf3 g4 19.hxg4 Ng5 20.Qc3 h3 21.Bxf4 hxg2+ 22.Kxg2 Nxe4
23.Qe3 Qh4 24.Ng3 Bxg4 25.Rfc1 exf4 26.Qxe4+ Kd7 27.Be2 Bh3+ 28.Nxh3 Qxh3+
29.Kg1 Rag8 30.Qf3 fxg3 31.Qxf7+ Kd8 32.Qf6+ Be7 33.Qf3 Qh2+ 34.Kf1 g2+  0-1

[Event "Corsica Masters"]
[Site "Bastia FRA"]
[Date "2009.10.28"]
[Round "6"]
[White "Maslak,K"]
[Black "Bujisho,B"]
[Result "1-0"]
[WhiteElo "2551"]
[BlackElo "2403"]

1.d4 d5 2.c4 dxc4 3.e4 Nc6 4.Nf3 Bg4 5.d5 Ne5 6.Bf4 Ng6 7.Be3 e5 8.Bxc4 Bd6
9.Bb5+ Kf8 10.h3 Bc8 11.Nc3 a6 12.Be2 Nf6 13.Nd2 h6 14.Nc4 Kg8 15.Nxd6 cxd6
16.a4 Kh7 17.a5 Bd7 18.Qb3 Qe7 19.Qb4 Rhc8 20.Rc1 Ne8 21.Kd2 Nf4 22.Bf1 g6
23.g3 Nh5 24.Be2 Nhg7 25.g4 f5 26.f3 f4 27.Bf2 Nf6 28.Rc2 Nge8 29.Rhc1 Rcb8
30.Nb1 g5 31.Na3 Kg6 32.Bd3 h5 33.Nc4 hxg4 34.hxg4 Rd8 35.Nxe5+ Qxe5 36.Bd4 Qe7
37.e5+ Kf7 38.exf6 Nxf6 39.Re1 Qf8 40.Bxf6 Kxf6 41.Qd4+ Kf7 42.Rh1  1-0

[Event "8th TCh-Eur w"]
[Site "Novi Sad SRB"]
[Date "2009.10.29"]
[Round "8"]
[White "Igla,B"]
[Black "Krivec,J"]
[Result "1/2-1/2"]
[WhiteElo "2258"]
[BlackElo "2329"]

1.d4 d5 2.c4 dxc4 3.e4 Nc6 4.Nf3 Bg4 5.d5 Ne5 6.Bf4 Ng6 7.Be3 Nf6 8.Nc3 e5
9.Bxc4 a6 10.Be2 Bd7 11.Nd2 b5 12.a3 Bd6 13.O-O O-O 14.b4 Nf4 15.Nb3 Nxe2+
16.Qxe2 Ng4 17.Bc5 Qh4 18.h3 Nf6 19.Qe3 Nh5 20.Ne2 Nf4 21.Bxd6 cxd6 22.Nxf4 exf4
23.Qd3 f5 24.Nd4 fxe4 25.Qxe4 Rae8 26.Qf3 Qf6 27.Nc6 g5 28.Rad1 Kg7 29.Kh2 h5
30.Qd3 Bf5 31.Qd4 Qxd4 32.Nxd4 Kf6 33.Rc1 Bd3 34.Rfd1 Bc4 35.Ne6 Rf7 36.h4 gxh4
37.Nxf4 Kg5 38.Nh3+ Kh6 39.Rd4 Re5 40.Rcd1 Rff5 41.Nf4 Rf6 42.R1d2  1/2-1/2

[Event "8th TCh-Eur w"]
[Site "Novi Sad SRB"]
[Date "2009.10.30"]
[Round "9"]
[White "Rajlich,I"]
[Black "Vega Gutierrez,S"]
[Result "1-0"]
[WhiteElo "2465"]
[BlackElo "2357"]

1.d4 d5 2.c4 dxc4 3.e4 Nc6 4.Nf3 Bg4 5.d5 Ne5 6.Bf4 Ng6 7.h3 Bxf3 8.Qxf3 e5
9.dxe6 fxe6 10.Nc3 Bd6 11.Bxd6 Qxd6 12.Bxc4 Nf6 13.Qe3 a6 14.Rd1 Qe7 15.f4 b5
16.Bb3 Nd7 17.O-O Nc5 18.f5 Ne5 19.fxe6 Nxb3 20.axb3 c6 21.Rf5 Qxe6 22.Qg3 Nd7
23.Rd6 Qe7 24.Rxc6  1-0

[Event "TCh-NED 2009-10"]
[Site "Netherlands NED"]
[Date "2009.10.31"]
[Round "2"]
[White "Van der Stricht,G"]
[Black "Kroeze,F"]
[Result "1-0"]
[WhiteElo "2393"]
[BlackElo "2435"]

1.d4 d5 2.c4 dxc4 3.e4 e5 4.Nf3 exd4 5.Bxc4 Bb4+ 6.Nbd2 Nc6 7.O-O Nf6 8.e5 Nd5
9.Nb3 Nb6 10.Bb5 Qd5 11.Nfxd4 O-O 12.Nxc6 Qxb5 13.Nxb4 Qxb4 14.Be3 Re8 15.Rc1 c6
16.Bc5 Qa4 17.Rc3 Bg4 18.Qc1 Bf5 19.Nd4 Bg6 20.f4 Be4 21.Re1 f5 22.exf6 Qxa2
23.Rg3 g6 24.f5 Qf7 25.fxg6 Bxg6 26.Be7 Kh8 27.Ne6 Rac8 28.Ng5  1-0

[Event "3rd Asian Indoor Team Rapid Prelim"]
[Site "Ha Long City VIE"]
[Date "2009.11.05"]
[Round "1"]
[White "Dao Thien Hai"]
[Black "Araz,B"]
[Result "1-0"]
[WhiteElo "2524"]
[BlackElo "2304"]

1.d4 d5 2.c4 dxc4 3.e4 c5 4.d5 e6 5.Nc3 Nf6 6.Bxc4 exd5 7.Nxd5 Be6 8.Nxf6+ Qxf6
9.Bb5+ Bd7 10.Bxd7+ Nxd7 11.Nf3 Ne5 12.Nxe5 Qxe5 13.Qa4+ Kd8 14.Be3 Bd6 15.O-O-O Kc7
16.Rd5 Qe8 17.Qc4 Rd8 18.Rhd1 Qe7 19.Rxd6 Rxd6 20.Bf4  1-0

[Event "Russia Cup w"]
[Site "St Petersburg RUS"]
[Date "2009.11.05"]
[Round "2.1"]
[White "Turova,I"]
[Black "Shumiakina,T"]
[Result "1/2-1/2"]
[WhiteElo "2384"]
[BlackElo "2322"]

1.d4 d5 2.c4 dxc4 3.e4 e5 4.Nf3 exd4 5.Bxc4 Bb4+ 6.Nbd2 Nc6 7.O-O Qf6 8.h3 Nge7
9.e5 Qf5 10.Qe2 Bxd2 11.Bxd2 Be6 12.Bd3 Qh5 13.b4 Ng6 14.Rfe1 a6 15.b5 axb5
16.Bxb5 O-O 17.Bxc6  1/2-1/2

[Event "13th OIBM"]
[Site "Bad Wiessee GER"]
[Date "2009.11.06"]
[Round "8"]
[White "Nguyen,P"]
[Black "Kayser,Fe"]
[Result "1-0"]
[WhiteElo "2360"]
[BlackElo "2164"]

1.d4 d5 2.c4 dxc4 3.e4 e5 4.Nf3 exd4 5.Bxc4 Nc6 6.O-O Bc5 7.Ng5 Nh6 8.Qh5 Qe7
9.Bf4 O-O 10.Nd2 Bd6 11.Bxd6 Qxd6 12.f4 Qb4 13.Rf2 Qd6 14.h3 Bd7 15.Ndf3 Rae8
16.Nh4 Qc5 17.Rc1 Be6 18.Nf5 Bxf5 19.Bxf7+ Nxf7 20.Rxc5 Nxg5 21.Rxf5 Nxe4
22.Re2 g6 23.Rxf8+ Kxf8 24.Qd5 Nd6 25.Rxe8+ Nxe8 26.Qd7  1-0

[Event "TCh-SLO East 1st League"]
[Site "Sentjur SLO"]
[Date "2009.11.08"]
[Round "9"]
[White "Titan,M"]
[Black "Korze,D"]
[Result "1-0"]
[WhiteElo "2054"]
[BlackElo "2071"]

1.d4 d5 2.c4 dxc4 3.e4 a6 4.Bxc4 e6 5.Nf3 b5 6.Bb3 Nf6 7.Bg5 Be7 8.Qe2 O-O
9.O-O Bb7 10.Nbd2 Nbd7 11.Rfd1 c5 12.e5 Nd5 13.Bxe7 Qxe7 14.Ne4 Nf4 15.Qe3 Bxe4
16.Qxe4 Ng6 17.h4 Rfd8 18.h5 Ngf8 19.h6 g6 20.Qf4 c4 21.Bc2 Nb6 22.Be4 Nd5
23.Qd2 Ra7 24.Nh2 Qb4 25.Qe2 Qe7 26.Ng4 Nd7 27.Bxd5 exd5 28.f4 f5 29.Ne3 Nf8
30.Qf3 Rad7 31.Rd2 Qh4 32.g4 fxg4 33.Nxg4 Rf7 34.Nf6+ Rxf6 35.exf6 Qxf6 36.Rf1 Ne6
37.Qe3 Kf7 38.Qe5 Qf5 39.Kh2 b4 40.Rf3 a5 41.a4 Rd7 42.Kg3 Rd8 43.Re3 Rd7
44.Rf2 Rd8 45.Rf1 Rd7 46.Qh8 Rd8 47.Qxh7+ Kf6 48.Qb7 Rh8 49.h7 c3 50.bxc3 bxc3
51.Qd7 c2 52.Re5 Qd3+ 53.Rf3 Qxf3+ 54.Kxf3 Nxd4+ 55.Kg4 Rxh7 56.Qxh7  1-0

[Event "World Youth U18"]
[Site "Antalya TUR"]
[Date "2009.11.13"]
[Round "2"]
[White "Akdag,D"]
[Black "Kin,K"]
[Result "1-0"]
[WhiteElo "2189"]
[BlackElo "1839"]

1.d4 d5 2.c4 dxc4 3.e4 e5 4.Nf3 exd4 5.Bxc4 Bb4+ 6.Nbd2 Qe7 7.O-O Nc6 8.Bb5 Bd7
9.a3 Bd6 10.b4 Ne5 11.Nxd4 Bxb5 12.Nxb5 c6 13.Nxd6+ Qxd6 14.Nb3 Qxd1 15.Rxd1 Nf6
16.f3 O-O 17.Bg5 h6 18.Bxf6 gxf6 19.Rd6 Kg7 20.Nc5 Rab8 21.Rc1 Rfc8 22.Rc3 Rc7
23.f4 Nd7 24.Nd3 Rd8 25.Kf2 h5 26.Kg3 Kh7 27.Kh4 Kg7 28.h3 Kg6 29.g4 hxg4
30.Kxg4 Kg7 31.Kf5 c5 32.bxc5 Nxc5  1-0

[Event "Vasylyshyn Mem"]
[Site "Lviv UKR"]
[Date "2009.11.25"]
[Round "1"]
[White "Zherebukh,Y"]
[Black "Semcesen,D"]
[Result "1-0"]
[WhiteElo "2527"]
[BlackElo "2460"]

1.d4 d5 2.c4 dxc4 3.e4 e5 4.Nf3 exd4 5.Bxc4 Nc6 6.O-O Be6 7.Bb5 Bc5 8.b4 Bb6
9.a4 a6 10.Bxc6+ bxc6 11.a5 Ba7 12.Bb2 Nf6 13.Nbd2 O-O 14.Qc2 d3 15.Qc3 Qe7
16.Ne5 c5 17.Nc6 Qd7 18.Nxa7 Rxa7 19.bxc5 Qb5 20.Rfb1 Rd8 21.Qc1 Qc6 22.Bxf6 gxf6
23.Qc3 Kg7 24.Rb4 Rb7 25.Rxb7 Qxb7 26.Re1 Qb5 27.Re3 Rb8 28.h3 Qb2 29.Qxd3 Qc1+
30.Kh2 Qxc5 31.Qxa6 Kf8 32.Nf3 Ke7 33.e5 fxe5 34.Nxe5 Qd6 35.Qd3 Qxd3 36.Rxd3 Ra8
37.Nc6+ Ke8 38.a6 Bc4 39.Re3+ Be6 40.Nb4 Ke7 41.Rc3 Kd6 42.Rc6+ Kd7 43.Rc5 Kd6
44.Rc6+ Kd7 45.Rc5 Kd6 46.Ra5 c5 47.Nd3 c4 48.Nc5 Bd5 49.Na4 Ra7 50.f4 Kc6
51.Rc5+ Kd6 52.Ra5 Kc6 53.g4 f6 54.Kg3 Kd6 55.Kf2 Be6 56.Ke3 Kc6 57.f5 Bd5
58.Kd4 Bg2 59.h4 h6 60.Nc3 Bf3 61.Rc5+ Kd7 62.Rxc4 Bxg4 63.Kc5 Rc7+ 64.Kb4 Rxc4+
65.Kxc4 Kc6 66.Nd5 Be2+ 67.Kd4 Bg4 68.Ne7+ Kb6 69.Kd5 Kxa6 70.Ke6 Kb7 71.Kxf6 Kc7
72.Kg7 Kd7 73.f6 Be6 74.Nf5 h5 75.Ng3 Kd6 76.Nxh5 Ke5 77.Ng3 Kf4 78.h5 Kxg3
79.h6  1-0

[Event "1st ACP Women World Rapid Cup"]
[Site "Konya TUR"]
[Date "2009.12.03"]
[Round "10"]
[White "Zhukova,N"]
[Black "Ozturk,Ku"]
[Result "1-0"]
[WhiteElo "2465"]
[BlackElo "2177"]

1.d4 d5 2.c4 dxc4 3.e4 e5 4.Nf3 Bb4+ 5.Nc3 exd4 6.Nxd4 Qe7 7.Bxc4 Qxe4+ 8.Be3 Bxc3+
9.bxc3 Nf6 10.O-O O-O 11.Bg5 Qe5 12.Bh4 Nbd7 13.Nb5 a6 14.Bg3 Qc5 15.Nxc7 Ra7
16.Bb3 Qxc3 17.Rc1 Qa5 18.Bd6 b5 19.Nxb5 Qxb5 20.Bxf8 Bb7 21.Bd6 Ra8 22.Bg3 Nc5
23.Bc4 Qa5 24.Qd6 Nce4 25.Qe7 Bd5 26.Bxd5 Qxd5 27.Rfd1 Qe6 28.Qxe6 fxe6 29.Be5 Nd5
30.f3 Ng5 31.Rc6 Nb4 32.Rc7 Nf7 33.Bb2 Nd5 34.Rc6 Nd8 35.Rd6 a5 36.Rd7 Nf7
37.Re1 Nb6 38.Rb7 Na4 39.Bd4 e5 40.Bxe5 Nc5 41.Rb8+ Rxb8 42.Bxb8 Kf8 43.Rc1 Nd3
44.Rc8+ Ke7 45.Rc7+ Ke6 46.Ra7 Nb4 47.Rxa5 Nc6 48.Rb5 Nd4 49.Rb7 g5 50.a4 h5
51.a5 Nd8 52.a6 Kd5  1-0

[Event "Frauenbundesliga 2009-10"]
[Site "Germany GER"]
[Date "2009.12.06"]
[Round "4"]
[White "Ovod,E"]
[Black "Madl,I"]
[Result "1/2-1/2"]
[WhiteElo "2415"]
[BlackElo "2390"]

1.d4 d5 2.c4 dxc4 3.e4 b5 4.b3 e5 5.d5 Nf6 6.Qc2 c6 7.bxc4 bxc4 8.Bxc4 cxd5
9.exd5 Bd6 10.Bg5 Nbd7 11.Ne2 h6 12.Bxf6 Nxf6 13.Nbc3 O-O 14.O-O Bg4 15.f3 Qb6+
16.Kh1 Bd7 17.Qd3 Rab8 18.a4 a5 19.Bb5 Rfd8 20.Rfd1 Bb4 21.Bxd7 Rxd7 22.Qf5 Qe3
23.Rd3 Qg5 24.Qxg5 hxg5 25.Ne4 Nxd5 26.Nxg5 Nb6 27.Rxd7 Nxd7 28.Ne4 Nb6 29.g4 Rc8
30.Kg2 Rc2 31.Kf1 Nd5 32.h4 f5 33.gxf5 Ne3+ 34.Kf2 Nxf5 35.Rc1 Ra2 36.h5 Nd4
37.Ng3 Kh7 38.Rc8 Be7 39.Ke3 Bg5+ 40.f4 Nxe2 41.Nxe2 exf4+ 42.Kf3 Rxa4 43.Nc3 Rd4
44.Ne4 Bh6 45.Ra8 Rd3+ 46.Kg4 Rd4 47.Nc5 f3+ 48.Kxf3 Rf4+ 49.Kg2 Rf5 50.Rxa5 Rxh5
51.Nb7 Rh4 52.Nd6 Rg4+ 53.Kh3 Rb4 54.Nf5 Bf4 55.Rd5 Kg6 56.Rd4 Rb3+ 57.Kg4 Be5
58.Ra4 Bf6 59.Ng3 Rb1 60.Ne4 Rg1+ 61.Kf3 Be5 62.Ra6+ Kf5 63.Nd6+ Bxd6 64.Rxd6 g5  1/2-1/2

[Event "26th Open"]
[Site "Boeblingen GER"]
[Date "2009.12.30"]
[Round "8"]
[White "Raykhman,A"]
[Black "Donchenko,An"]
[Result "1/2-1/2"]
[WhiteElo "2300"]
[BlackElo "2380"]

1.d4 d5 2.c4 dxc4 3.e4 e5 4.Nf3 exd4 5.Bxc4 Nc6 6.O-O Be6 7.Bxe6 fxe6 8.Qb3 Qd7
9.Qxb7 Rb8 10.Qa6 Nf6 11.Nbd2 Be7 12.Qd3 e5 13.Nc4 Bd6 14.Bd2 O-O 15.Rac1 Kh8
16.Rc2 Rbe8 17.Rfc1 Nd8 18.h3 Qf7 19.b4  1/2-1/2

[Event "Meister Open"]
[Site "Basel SUI"]
[Date "2010.01.04"]
[Round "6"]
[White "Arounopoulos,S"]
[Black "Giertz,N"]
[Result "1/2-1/2"]
[WhiteElo "2135"]
[BlackElo "2265"]

1.d4 d5 2.c4 dxc4 3.e4 c5 4.Nf3 cxd4 5.Qxd4 Qxd4 6.Nxd4 Bd7 7.Bxc4 Nc6 8.Be3 Nf6
9.Nxc6 Bxc6 10.f3 e6 11.O-O Be7 12.Nd2 O-O 13.Rac1 Rfc8 14.Rc2 Bd7 15.Rfc1 Bc5
16.Bxc5 Rxc5 17.Be2 Rxc2 18.Rxc2 Rc8 19.Rxc8+  1/2-1/2

[Event "TCh-AUT 2009-10"]
[Site "Graz AUT"]
[Date "2010.01.16"]
[Round "6"]
[White "Schenk,An"]
[Black "Bischoff,K"]
[Result "1/2-1/2"]
[WhiteElo "2506"]
[BlackElo "2569"]

1.d4 d5 2.c4 dxc4 3.e4 Nf6 4.e5 Nd5 5.Bxc4 Nb6 6.Bb3 Bf5 7.Nf3 e6 8.Nc3 Be7
9.h3 Na6 10.O-O O-O 11.Qe2 Nb4 12.Rd1 a5 13.a4 N6d5 14.Ne4 c6 15.Bc4 Nb6
16.Bb3 N6d5 17.Bc4 Nb6 18.Bb3  1/2-1/2

[Event "Open C"]
[Site "Marianske Lazne CZE"]
[Date "2010.01.20"]
[Round "6"]
[White "Kopasov,E"]
[Black "Mazja,A"]
[Result "1-0"]
[WhiteElo "2059"]
[BlackElo "2319"]

1.d4 d5 2.c4 dxc4 3.e4 c5 4.d5 e6 5.Nc3 Nf6 6.Bxc4 exd5 7.Nxd5 Nxd5 8.Bxd5 Be7
9.Nf3 O-O 10.O-O Nc6 11.Be3 Qc7 12.Qc1 Nb4 13.Bf4 Qa5 14.Rd1 Nxd5 15.exd5 Bg4
16.d6 Bf6 17.Rd3 Rfe8 18.Qd2 Qb5 19.d7 Red8 20.Rd1 Bxf3 21.gxf3 Bd4 22.Be3 Rxd7
23.Bxd4 cxd4 24.Rxd4 Rxd4 25.Qxd4 h6 26.Kg2 Re8 27.Qd7 Qg5+ 28.Qg4 Qe5 29.Qd4 Qg5+
30.Qg4 Re2 31.Qxg5 hxg5 32.Rd8+ Kh7 33.Rd7 Rxb2 34.Rxf7 a6 35.a4 Rb4 36.a5 Kg6
37.Rc7 Kf6 38.Kg3 g6 39.h3 Rb1 40.f4 Rb5 41.fxg5+ Rxg5+ 42.Kf3 Rxa5 43.Rxb7 Rb5
44.Ra7 a5 45.Kg4  1-0

[Event "4th SOP-SMAOK Open"]
[Site "Athens GRE"]
[Date "2010.01.26"]
[Round "3"]
[White "Papadakis,M"]
[Black "Paouris,N"]
[Result "1-0"]
[WhiteElo "2244"]
[BlackElo "1909"]

1.d4 d5 2.c4 dxc4 3.e4 Nf6 4.e5 Nd5 5.Bxc4 Nb6 6.Bd3 Nc6 7.Ne2 Nb4 8.Be4 f5
9.exf6 exf6 10.O-O f5 11.Bf3 N4d5 12.Nf4 Nxf4 13.Bxf4 Be7 14.Qb3 Qxd4 15.Bxc7 Qb4
16.Rd1 Qxb3 17.axb3 Nd7 18.Re1 Kf7 19.Bd5+ Kf8 20.Nc3 a5 21.Rxe7 Kxe7 22.Re1+ Ne5
23.Bxe5 Rd8 24.Bc7+ Kd7 25.Bxd8 Kxd8 26.Na4 Ra6 27.Nc5 Rb6 28.Bc4  1-0

[Event "8th Gibtelecom Masters"]
[Site "Caleta ENG"]
[Date "2010.01.29"]
[Round "4"]
[White "Sarkar,J"]
[Black "Martsynovskaya,M"]
[Result "1-0"]
[WhiteElo "2378"]
[BlackElo "2184"]

1.d4 d5 2.c4 dxc4 3.e4 c5 4.d5 e6 5.Nc3 exd5 6.Nxd5 Nf6 7.Bxc4 Nxd5 8.Bxd5 Qc7
9.Ne2 Bd6 10.f4 O-O 11.e5 Be7 12.Nc3 Nc6 13.O-O Rd8 14.Qb3 Bf8 15.Nb5 Qd7
16.Bf3 Nd4 17.Nxd4 Qxd4+ 18.Be3 Be6 19.Bxd4 Bxb3 20.Bc3 Bd5 21.Bxd5 Rxd5
22.Rfd1 Rad8 23.Rxd5 Rxd5 24.a4 c4 25.Re1 b5 26.axb5 Rxb5 27.Re4 Rc5 28.Kf2 g6
29.Rd4 Rc7 30.Rd8 Kg7 31.e6+ f6 32.g4 h5 33.g5 Be7 34.gxf6+ Bxf6 35.Rd7+ Rxd7
36.exd7 Kf7 37.Bxf6  1-0

[Event "8th Gibtelecom Masters"]
[Site "Caleta ENG"]
[Date "2010.02.02"]
[Round "8"]
[White "Andre,G"]
[Black "Guliyev,N"]
[Result "0-1"]
[WhiteElo "2308"]
[BlackElo "2516"]

1.d4 d5 2.c4 dxc4 3.e4 b5 4.a4 c6 5.axb5 cxb5 6.Nc3 Bd7 7.Nf3 e6 8.Be2 Nf6
9.O-O Be7 10.d5 exd5 11.exd5 Bb4 12.Qd4 O-O 13.Bg5 h6 14.Bh4 Re8 15.Rfe1 a5
16.Ne5 g5 17.Bg3 Na6 18.Nxd7 Nxd7 19.Bf3 Nac5 20.Rxe8+ Qxe8 21.Qg4 Ne5 22.Bxe5 Qxe5
23.Nxb5 Qxb2 24.Rf1 c3 25.Qd4 Qd2 26.Qf6 Qf4 27.Qc6 Rb8 28.Nxc3 Bxc3 29.Qxc5 Be5
30.Rc1 Rb2 31.Kf1 Bd4 32.Qc8+ Kg7 33.Rc2 Rb1+ 34.Ke2 Qe5+ 35.Kd3 Rb3+ 36.Kc4 Rb4+
37.Kd3 Bxf2 38.Rxf2  0-1

[Event "8th Gibtelecom Masters"]
[Site "Caleta ENG"]
[Date "2010.02.04"]
[Round "10"]
[White "Molina,Ant1"]
[Black "Perez Pardo,J"]
[Result "0-1"]
[WhiteElo "2148"]
[BlackElo "2297"]

1.d4 d5 2.c4 dxc4 3.e4 c5 4.d5 Nf6 5.Nc3 b5 6.e5 b4 7.exf6 bxc3 8.bxc3 Nd7
9.Qa4 exf6 10.Bxc4 Bd6 11.Bd3 O-O 12.Qh4 g6 13.f4 c4 14.Be2 Re8 15.f5 Nc5
16.fxg6 hxg6 17.Kf1 Re4 18.Qh6 Nd3 19.h4 Qb6 20.Bxd3 Bg3 21.Be3 Rxe3  0-1

[Event "US Amateur Team-ch East"]
[Site "Parsippany USA"]
[Date "2010.02.14"]
[Round "3"]
[White "Sarkar,J"]
[Black "Leverett,B"]
[Result "1-0"]
[WhiteElo "2388"]
[BlackElo "2287"]

1.d4 d5 2.c4 dxc4 3.e4 e5 4.Nf3 Bb4+ 5.Nc3 exd4 6.Nxd4 Nf6 7.Qa4+ Nc6 8.Nxc6 Bxc3+
9.bxc3 Qd7 10.Bxc4 bxc6 11.Ba3 Nxe4 12.O-O Nd6 13.Rfe1+ Kf8 14.Bc5 h5 15.Re5 Kg8
16.Bb3 Bb7 17.Rae1 Rf8 18.Re7 Qd8 19.Qxa7 Nc8 20.Qxb7 Nxe7 21.Rxe7 Rh6 22.h3 Rf6
23.Qxc7 Qxc7 24.Rxc7 Re8 25.Bd4 Rf5 26.Rxc6  1-0

[Event "BSF 75th Ann."]
[Site "Bronshoj DEN"]
[Date "2010.02.16"]
[Round "3"]
[White "Andersen,Mad"]
[Black "Frisk,H"]
[Result "1-0"]
[WhiteElo "2300"]
[BlackElo "2022"]

1.d4 d5 2.c4 dxc4 3.e4 e5 4.Nf3 Bb4+ 5.Nc3 exd4 6.Nxd4 Qe7 7.f3 Nf6 8.Bxc4 O-O
9.Be3 c5 10.Nc2 Bxc3+ 11.bxc3 Nc6 12.O-O Ne5 13.Be2 Rd8 14.Qe1 Be6 15.Na3 Ne8
16.Qg3 Nd3 17.Rfd1 Nb2 18.Rdc1 Nd3 19.Rc2 f6 20.Rd1 Ne5 21.Rb1 Nd3 22.Kh1 Bf7
23.Bg1 b6 24.Bf1 Nc7 25.Rd2 Ne5 26.Rxd8+ Rxd8 27.f4 Ng6 28.Re1 Qd7 29.Nc4 Qa4
30.f5 Ne5 31.Nxe5 fxe5 32.Qxe5 Ne8 33.c4 Qc2 34.Qe7 Rd7  1-0

[Event "Open"]
[Site "Novy Bor CZE"]
[Date "2010.02.18"]
[Round "7"]
[White "Bednar,Ma"]
[Black "Snorek,M"]
[Result "1-0"]
[WhiteElo "2185"]
[BlackElo "2146"]

1.d4 d5 2.c4 dxc4 3.e4 e5 4.Nf3 exd4 5.Bxc4 Nc6 6.O-O Be6 7.Bxe6 fxe6 8.Qb3 Qd7
9.Qxb7 Rb8 10.Qa6 Rb6 11.Qc4 e5 12.Nbd2 Nf6 13.Re1 Bd6 14.a3 Na5 15.Qd3 c5
16.b4 cxb4 17.axb4 Nc6 18.Nc4 Rb8 19.b5 Nb4 20.Qb3 Rxb5 21.Rxa7 Bc7 22.Nfxe5 Nc6
23.Nxd7 Rxb3 24.Nxf6+ Kd8 25.Ra8+ Bb8 26.Nd5 Na7 27.Bf4  1-0

[Event "BSF 75th Ann."]
[Site "Bronshoj DEN"]
[Date "2010.02.19"]
[Round "7"]
[White "Andersen,OB"]
[Black "Kragh,N"]
[Result "0-1"]
[WhiteElo "2125"]
[BlackElo "2147"]

1.d4 d5 2.c4 dxc4 3.e4 e5 4.Nf3 exd4 5.Bxc4 Nc6 6.O-O Be6 7.Bb5 Bc5 8.b4 Bb6
9.a4 a6 10.Bxc6+ bxc6 11.a5 Ba7 12.Ng5 Qf6 13.Qd3 Ne7 14.Qxa6 d3 15.Qb7 O-O
16.Ra3 Bc4 17.Nf3 Qd6 18.e5 Qd7 19.Bf4 Be6 20.Kh1 Bxf2 21.Bg5 Ra7 22.a6 Bb6
23.Rd1 Bc4 24.Bxe7 Qxe7 25.Qxc6 Qxb4 26.Qe4 Bc5 27.Ng5 g6 28.Qh4 h5 29.Ne4 Be7
30.Nf6+ Bxf6 31.Qxf6 Rxa6 32.Rxa6 Qb3 33.Nc3 Bxa6 34.Rf1 Qxc3  0-1

[Event "18th Fajr Open"]
[Site "Mashhad IRI"]
[Date "2010.02.23"]
[Round "6"]
[White "Nassaj,A"]
[Black "Moosavi,A"]
[Result "1-0"]
[WhiteElo "1946"]
[BlackElo "2111"]

1.d4 d5 2.c4 dxc4 3.e4 c5 4.d5 e6 5.Bxc4 exd5 6.Bxd5 Qc7 7.Nf3 Nf6 8.Nc3 Nxd5
9.Nxd5 Qd8 10.O-O Be6 11.Bf4 Na6 12.Qe2 f6 13.Rad1 Qc8 14.e5 f5 15.Ng5 Bxd5
16.Rxd5 Be7 17.Rd6 Bxg5 18.Qb5+ Kf7 19.Qc4+ Kf8 20.Bxg5 Qe8 21.Rfd1 b5 22.Qf4 h6
23.Qxf5+ Kg8 24.Rd8 hxg5 25.Rxe8+ Rxe8 26.Qg6 Nc7 27.Rd7 Ne6  1-0